LexiesNexies law review / (Record no. 143204)

MARC details
000 -LEADER
fixed length control field 00681nam a22002177a 4500
005 - DATE AND TIME OF LATEST TRANSACTION
control field 20230530162638.0
010 ## - LCCN (DPL NO)
LC control number ENG-119664
020 ## - INTERNATIONAL STANDARD BOOK NUMBER
International Standard Book Number 9789351434276
Terms of availability 245.00
035 ## - SYSTEM CONTROL NUMBER
System control number EN-103196
037 ## - SOURCE OF ACQUISITION
Source of stock number/acquisition DBAD/PUB
082 ## - DEWEY DECIMAL CLASSIFICATION NUMBER
Classification number 349.54
245 ## - TITLE STATEMENT
Title LexiesNexies law review /
Statement of responsibility, etc edited by Emanual Nahar [and] Amritpal Kaur
260 ## - PUBLICATION, DISTRIBUTION, ETC. (IMPRINT)
Place of publication, distribution, etc Gurgaon
Name of publisher, distributor, etc LexisNexis
Date of publication, distribution, etc 2015
270 ## - ADDRESS
Address 14th floor, builing no.10, Tower-B DLF cyber city, Phase-II
City Gurgaon (Haryana), India
Postal code 122002
300 ## - PHYSICAL DESCRIPTION
Extent 139p.
Dimensions 23cm(pbk)
500 ## - GENERAL NOTE
General note Includes references
505 ## - FORMATTED CONTENTS NOTE
Formatted contents note volume 1
700 ## - ADDED ENTRY--PERSONAL NAME
Personal name Nahar, Emanual
700 ## - ADDED ENTRY--PERSONAL NAME
Personal name Kaur, Amritpal
942 ## - ADDED ENTRY ELEMENTS (KOHA)
Source of classification or shelving scheme Dewey Decimal Classification
Item type English Books
Classification part 349.54
Call number suffix NAH
Holdings
Withdrawn status Lost status Not for loan Collection code Home library Current library Date acquired Source of acquisition Cost, normal purchase price Full call number Barcode Copy number Cost, replacement price Koha item type
      Non-fiction Ashok Vihar Ashok Vihar 10/08/2017 DBAD/PUB 245.00 349.54 NAH EN-103196 1 245.00 English Books

© Delhi Public Library
Hit Counter
free hit counter